000
00199nam a22000857a 4500
008
161208b xxu||||| |||| 00| 0 eng d
100
_9
1953
_a
Premchand
245
_a
Gulli Danda
260
_a
Delhi
_b
SSP
_c
2007
999
_c
4747
_d
4747